Which TV Character's Catchphrase? II Quiz Stats

 Plays Quiz Updated Aug 6, 2018

Score 0/22 Timer 06:00
0 Plays Today
Question Answer Wrong Answers
Holy [insert thing here], Batman!
Batman
Robin
91.2%
Commissioner Gordon
2%
Alfred
1.8%
The Joker
2.5%
D'oh!
The Simpsons
Homer Simpson
90.7%
Marge Simpson
0.4%
Bart Simpson
6%
Lisa Simpson
0.5%
Live long and prosper.
Star Trek
Spock
89.4%
James T. Kirk
6.8%
Montgomery Scott
0.6%
Nyota Uhura
0.4%
Everybody lies.
House M.D.
Dr. Gregory House
88.4%
Dr. Eric Foreman
2.7%
Dr. Remy 'Thirteen' Hadley
2.3%
Dr. Lisa Cuddy
3.1%
Na-nu na-nu.
Mork & Mindy
Mork
88.2%
Mindy McConnell
4.2%
Fred McConnell
2.1%
Franklin Delano Bickley
1.9%
Suit up.
How I Met Your Mother
Barney Stinson
86.9%
Robin Scherbatsky
2.1%
Ted Mosby
5.4%
Marshall Eriksen
2.7%
I'm listening.
Frasier
Frasier Crane
81.5%
Niles Crane
10%
Daphne Moon
2.7%
Roz Doyle
2.4%
I can't see a thing without my glasses!
Scooby-Doo, Where Are You?
Velma
80.6%
Shaggy
3%
Daphne
12.1%
Fred
1.8%
You rang?
The Addams Family
Lurch
79.1%
Gomez Addams
5.9%
Wednesday Addams
3.3%
Uncle Fester
8.7%
Hello, Newman.
Seinfeld
Jerry Seinfeld
78.4%
George Costanza
7.2%
Cosmo Kramer
7.9%
Elaine Benes
2.9%
The truth is out there.
The X-Files
Fox Mulder
73.9%
Dana Scully
14.2%
Walter Skinner
4.1%
Cigarette Smoking Man
4.4%
Giggity giggity!
Family Guy
Glenn Quagmire
71.1%
Peter Griffin
17.1%
Joe Swanson
2.9%
Cleveland Brown
5.8%
And that's the way it is.
CBS Evening News
Walter Cronkite
69.1%
Dan Rather
16.3%
Bob Schieffer
7.5%
Scott Pelley
3.4%
Would you believe...
Get Smart
Maxwell Smart
65.7%
Agent 99
17.8%
The Chief
6.6%
Mr. Big
6.1%
You got it, dude!
Full House
Michelle Tanner
61.5%
Jesse Katsopolis
10.8%
DJ Tanner
14.9%
Stephanie Tanner
9.5%
Dude.
Lost
Hugo 'Hurley' Reyes
60.1%
John Locke
8.6%
Jack Shephard
12.4%
James 'Sawyer' Ford
15%
Good news, everyone!
Futurama
Professor Farnsworth
55.5%
Hermes Conrad
4.4%
Fry
16.5%
Bender
20%
Cool. Cool, cool, cool.
Community
Abed Nadir
50.5%
Jeff Winger
17.2%
Troy Barnes
20.8%
Shirley Bennett
7.4%
Kiss my grits!
Alice
Flo
49.2%
Alice
34.2%
Jolene
6%
Mel
6.8%
Up your nose with a rubber hose!
Welcome Back, Kotter
Vinnie Barbarino
48.2%
Arnold Horshack
17.7%
Freddie 'Boom Boom' Washington
14.7%
Gabe Kotter
15.4%
I know nothing.
Hogan's Heroes
Sgt. Schultz
44.6%
Col. Klink
23.2%
Col. Hogan
20.8%
Sgt. Baker
7.5%
Let's be careful out there.
Hill Street Blues
Sgt. Esterhaus
28.2%
Capt. Furillo
39.7%
Det. Belker
12.6%
Sgt. Goldblume
15.3%

You're not logged in!

Compare scores with friends on all Sporcle quizzes.
OR
Log In

Sporcle TV

Today on Sporcle TV


Watch our educational content, quiz creation guides, and fun videos on Sporcle TV.

Show Comments

Extras

Top Quizzes Today


Score Distribution

Your Account Isn't Verified!

In order to create a playlist on Sporcle, you need to verify the email address you used during registration. Go to your Sporcle Settings to finish the process.

Report this User

Report this user for behavior that violates our Community Guidelines.

Details: